Comentarios al Cd̤igo civil y compilaciones forales

Bibliographic Details
Other Authors: Albaladejo Garca̕, Manuel (Conductor), Capilla Roncero, Francisco (Compiler), Da̕z Alabart, Silvia (Conductor), Peą Bernaldo de Quirs̤, Manuel (Compiler)
Format: Unknown
Language:Spanish
Published: [Madrid] : EDERSA, D.L. 1993
Edition:2® ed
Subjects:
Online Access:Acceso restringido

MARC

LEADER 00000ny a22000003n 4500
005 20110606151648.0
008 080716s1993 sp s 000 0 spa c
017 |a D.L. M22755-1993 
020 |a 8471302160 
035 |a 467 
040 |a UMA.RE  |d vLex 
040 |a UMA.TUR  |d vLex 
080 |a 347(460) 
090 |c 510  |d 510 
245 0 0 |a Comentarios al Cd̤igo civil y compilaciones forales  |h [Recurso electrn̤ico]  |c dirigidos por Manuel Albaladejo y Silvia Da̕z Alabart 
250 |a 2® ed 
256 |a Servicio en ln̕ea 
260 |a [Madrid] :  |b EDERSA,  |c D.L. 1993 
300 |a XXIV, 943 p. ;  |c 23 cm 
500 |a Precede al tt̕.: Revista de Derecho Privado 
505 0 |t Tomo I, Vol. 3, Artc̕ulos 17 a 41 del Cd̤igo civil /  |r Francisco Capilla Roncero, Manuel Peą Bernaldo de Quirs̤ 
506 1 |a Contenido solo disponible en los productos indicados  |d vLex Global  |d vLex Global (Academic Edition, excluding Law Schools)  |d vLex Global (U.S. Academic Edition, Law Schools)  |d vLex Global (U.S. Academic Edition, excluding Law Schools)  |d vLex Global (Academic Edition, Law Schools) 
650 0 7 |2 Tesauro vLex  |a Civil 
650 0 7 |2 Tesauro vLex  |a Cd̤igo civil 
650 0 7 |2 Tesauro vLex  |a Persona jurd̕ica 
650 0 7 |2 Tesauro vLex  |a Persona fs̕ica 
650 0 7 |2 Tesauro vLex  |a Domicilio 
650 0 7 |2 Tesauro vLex  |a Persona 
700 1 |a Albaladejo Garca̕, Manuel,  |e dir 
700 1 |a Capilla Roncero, Francisco,  |e com 
700 1 |a Da̕z Alabart, Silvia,  |e dir 
700 1 |a Peą Bernaldo de Quirs̤, Manuel,  |e com 
740 0 |a vLex Libros (Servicios en ln̕ea) 
856 4 0 |z Acceso restringido  |u http://vlex.com/source/467 
942 |c BOOK